Normal view MARC view
  • McDermid, John

Entry Personal Name

Number of records used in: 2

001 - CONTROL NUMBER

  • control field: 95737

003 - CONTROL NUMBER IDENTIFIER

  • control field: NUST

005 - DATE AND TIME OF LATEST TRANSACTION

  • control field: 20220729103138.0

008 - FIXED-LENGTH DATA ELEMENTS

  • fixed length control field: 220729|| aca||aabn | a|a d

040 ## - CATALOGING SOURCE

  • Original cataloging agency: NUST
  • Transcribing agency: NUST

100 ## - HEADING--PERSONAL NAME

  • Personal name: McDermid, John

670 ## - SOURCE DATA FOUND

  • Source citation: Work cat.: (NUST)175186: John A. McDermid. 95735, Software engineer's reference book / , 1993.
© 2023 Central Library, National University of Sciences and Technology. All Rights Reserved.